[Event "Kishinev Ghimpu Memorial op"]
[Site "Kishinev"]
[Date "2012.11.12"]
[Round "5"]
[White "Morozov, Nichita"]
[Black "Mutu, Veaceslav"]
[Result "1-0"]
[WhiteElo "2066"]
[BlackElo "2074"]
[PlyCount "71"]
[EventDate "2012.11.09"]
[EventType "swiss"]
[EventRounds "9"]
[EventCountry "MDA"]
[SourceTitle "EXT 2014"]
[Source "ChessBase"]
[SourceDate "2013.11.20"]
[SourceVersion "1"]
[SourceVersionDate "2013.11.20"]
[SourceQuality "1"]

1. d4 Nf6 2. Nf3 g6 3. g3 Bg7 4. c4 d5 5. Bg2 0-0 6. cxd5 Nxd5 7. 0-0 Nb6 8. Nc3 Nc6 9. d5 Na5 10. Qc2 c6 11. dxc6 Nxc6 12. Rd1 Bd7 13. Bf4 Qc8 14. Rac1 Re8 15. Nb5 Rd8 16. Bc7 Rf8 17. Qb1 Na4 18. Be5 f6 19. Bf4 a6 20. Nc7 Ra7 21. Nd5 Qe8 22. b3 e5 23. Be3 e4 24. Nd4 b6 25. bxa4 Nxd4 26. Rxd4 f5 27. Qxb6 Qb8 28. Rb4 Qxb6 29. Bxb6 Raa8 30. a5 Bb5 31. Bf1 Rf7 32. e3 Bxf1 33. Kxf1 Rd7 34. Nc7 Rc8 35. Rbc4 Rd2 36. Nxa6 1-0

[Event "Kishinev ULIM Cup"]
[Site "Kishinev"]
[Date "2005.10.14"]
[Round "7"]
[White "Mutu, Veaceslav"]
[Black "Ogleznev, Alexandr"]
[Result "1-0"]
[WhiteElo "2160"]
[BlackElo "2140"]
[PlyCount "55"]
[EventDate "2005.10.08"]
[EventType "swiss"]
[EventRounds "9"]
[EventCountry "MDA"]
[SourceTitle "CBM 108 Extra"]
[Source "ChessBase"]
[SourceDate "2005.11.04"]
[SourceVersion "1"]
[SourceVersionDate "2005.11.04"]
[SourceQuality "1"]

1. d4 Nf6 2. c4 d6 3. Nc3 g6 4. e4 Bg7 5. f4 0-0 6. Nf3 c5 7. d5 e6 8. Be2 exd5 9. cxd5 b5 10. e5 dxe5 11. fxe5 Ng4 12. Bg5 Qa5 13. 0-0 Nxe5 14. Nxe5 Bxe5 15. Be7 Re8 16. d6 Bd4+ 17. Kh1 a6 18. Bc4 bxc4 19. Qf3 Be6 20. Qxa8 Rc8 21. Qf3 Nd7 22. Rae1 Ne5 23. Qg3 Nd3 24. Rxe6 fxe6 25. d7 Rd8 26. Qd6 Nf2+ 27. Rxf2 Bxf2 28. Qxe6+ 1-0

[Event "Kishinev ULIM Cup"]
[Site "Kishinev"]
[Date "2001.10.09"]
[Round "3"]
[White "Mutu, Veaceslav"]
[Black "Shkuro, Iuri"]
[Result "0-1"]
[WhiteElo "2114"]
[BlackElo "2243"]
[PlyCount "83"]
[EventDate "2001.10.07"]
[EventType "swiss"]
[EventRounds "9"]
[EventCountry "MDA"]
[SourceTitle "EXT 2002"]
[Source "ChessBase"]
[SourceDate "2001.11.25"]
[SourceVersion "1"]
[SourceVersionDate "2001.11.25"]
[SourceQuality "1"]

1. e4 c5 2. Nf3 d6 3. d4 cxd4 4. Nxd4 Nf6 5. Nc3 g6 6. Be3 Bg7 7. f3 0-0 8. Bc4 Nc6 9. Qd2 Bd7 10. 0-0-0 Rc8 11. Bb3 Nxd4 12. Bxd4 b5 13. Bxa7 b4 14. Nd5 Nxd5 15. exd5 Qa5 16. Bd4 e5 17. dxe6 Bxe6 18. Qe3 Bxb3 19. Qxb3 Qg5+ 20. f4 Qxf4+ 21. Be3 Qe4 22. g3 Bxb2+ 23. Kxb2 Rc3 24. Bd4 Rxb3+ 25. cxb3 Rc8 26. Rhe1 Rc2+ 27. Ka1 Re2 28. Rxe2 Qxe2 29. Rc1 f5 30. Bg1 Kf7 31. Kb1 g5 32. h4 gxh4 33. gxh4 f4 34. Bb6 d5 35. Rc2 Qe1+ 36. Kb2 Qxh4 37. Bd4 f3 38. Rd2 Qf4 39. Kc1 h5 40. Kd1 h4 41. Ke1 h3 42. Bg1 0-1